000 00462nam a2200145Ia 4500
008 220217s9999 xx 000 0 und d
245 0 _aSpecification for oil and solvent resistant hose of rubber with woven textile reinforcement. (Second Revision).
260 _c1968
500 _aStandard number: IS 635
650 _aOil resistant hose
650 _aRubber hose
650 _aSolvent resistant hose
650 _aWoven textile reinforcement
942 _cST
999 _c73883
_d73883